000 00927nam a2200289Ia 4500
003 OSt
005 20221006150846.0
006 a|||||r|||| 00| 0
007 ta
008 221006b |||||||| |||| 00| 0 jpn d
020 _c¥2600
024 _a20,020
037 _bGift, Japan Foundation
_cTextual
040 _aEASL
_cEASL
_bjpn
041 _2jpn
_ajpn
082 _aW.42.N45, L4.2
100 _aWASEDA DAIGAKU SHAKAI KAGAKU KEN KYOJO FASCISM KENKYUKA Ed.
_9657790
245 0 _aNihon no Fascion
260 _aTokyo
_bWaseda Daigaku Shuppankai Japan
_c1974
300 _a304p.
_ccm.
490 _vV.2: Senso to kokumin JL
500 _aLibrary has Vol. 2
650 _aJL
700 _a Ishizaki Keizo etc.
_9657791
942 _hW.42.N45, L4.2
_cTEXL
_2CC
999 _c1088106
_d1088106